000 00250nam a2200097Ia 4500
001 642475
005 20250826153527.0
008 250824s9999 xx 000 0 und d
245 0 _aGENÇLİĞİM ANTİK
_cTOLSTOY
260 _bANTİK DÜNYA KLASİKLERİ
999 _c642475
_d642475